Filmographie de Hugh Jackman par images - Statistiques

Statistiques générales
  • Ce quiz a été pris 36 fois
  • Le résultat moyen est 7 sur 15
Statistiques - réponses
Par images Hint Réponse % Correct
2000 X-Men
94%
2024 Deadpool & Wolverine
77%
2006 Happy Feet
74%
2017 Logan
61%
2017 The Greatest Showman
61%
2006 Le Prestige
58%
2012 Les Cinq Légendes
58%
2004 Van Helsing
39%
2011 Real Steel
32%
2015 Chappie
29%
2008 Australia
19%
2015 Pan
19%
2016 Eddie the Eagle
16%
2012 Les Misérables
13%
2019 Monsieur Link
3%
Aucun quiz correspondant
Distribution des résultats
% des personnes avec chaque résultat
Percentile par nombre de réponses
Votre historique - résultats
Vous n’avez pas pris ce quiz